Datum a čas kvízu

15 Celkem bodů Celkový počet nahraných bodů na tomto kvízu bez doplňovacích otázek.
13. Pořadí na kvízu Konečné umístění týmu na tomto kvízu.

Zaznamenané odpovědi

# Otázka Odpověď Body Výsledky
1. Ministerstvo obrany opět nabíz... řopík 0
2. Po více než 80 letech se do je... Pompeje 0
3. Jeden zámek postavený původně... Neuschwanstein, Bavorsko 0
4. Novým majitelem zkrachovalé hu... Martin Pecina 0
5. Novinářskou anketu Zlatý míč o... Pavel Šulc 0
6. Dávku černého humoru v sobě ma... Joseph Fiennes 0
7. „Tanec smrti“ je výtvarné téma... danse macabre 0
8. Pikové eso bývá nazýváno karto... 2003 (bod připisujeme za odpovědi 2002 až 2004) 0
9. Doplňte tři slova v názvu romá... si říká Engelchen 0
10. Napište čtyřpísmenné jméno hin... Kálí 1